| 000 | 01202cam a22001934a 4500 | ||
|---|---|---|---|
| 005 | 20250605164108.0 | ||
| 008 | 250528s ||||||||||||||||||||||||d | ||
| 035 | _a17814 | ||
| 020 | _a9781529203028 | ||
| 040 |
_aGR-AtMCL _bgre _dGR-AtMCL _eAACR2 |
||
| 245 | 1 | _aGangs, Drugs and (Dis) Organised Crime | |
| 260 |
_bBristol University Press, _c2019 |
||
| 300 | _a230 | ||
| 520 | _aDrawing upon unique empirical data based on interviews with high-profile ex-offenders and experts, this book sheds new light on drug markets and gangs in the UK, The study shows how traditional methods of tackling gang violence fail to address the interviewed nature of those criminal activities which can overlap with other organized crime spheres. Acknowledgements, Preface, Introduction: Book's Purpose and Content and Structure, Terminology, Background, A Review of Gang Literature, Scottish Gang Literature, Rediscovering Scottish Gangs: Towards a Typology, Street Life and Crime and (Dis) Organized Crime, Gangs and Drug Supply, Tackling Gangs and Organized Crime and Rethinking, Drugs Policy, References, Index. | ||
| 700 | 1 |
_aMclean Robert _94085 |
|
| 942 | _cBK | ||
| 999 |
_c3214 _d3214 |
||